| 000 | 00356nam a2200145Ia 4500 | ||
|---|---|---|---|
| 008 | 230312s9999||||xx |||||||||||||| ||und|| | ||
| 020 | _a81-265-1415-1 | ||
| 082 |
_a004.698 _bYOU-M |
||
| 100 | _aHagen;Kirk | ||
| 245 | 0 | _aIntroduction to Engineering Analysis | |
| 260 |
_bWiley _aUSA _c2005 |
||
| 300 | _a509 | ||
| 650 |
_aComputer _vComputer |
||
| 942 | _cBK | ||
| 999 |
_c15157 _d15157 |
||